000 00226nam a22000857a 4500
008 160819b xxu||||| |||| 00| 0 eng d
100 _9179
_aMannu
245 _aIndian Scientists (Hindi)
260 _aNew Delhi
_bSwastik Prakashan
_c2011
999 _c2837
_d2837